| 000 | 00670nam a2200229 a 4500 | ||
|---|---|---|---|
| 008 | 951205s1981||||[C 0 slo c | ||
| 020 | _c10 | ||
| 040 |
_aSNK _bslo _cSNK _eAACR2 |
||
| 041 | 1 |
_aslo _hrus |
|
| 044 |
_axo _cSK |
||
| 080 | _a159.942 | ||
| 080 | _a882-96 | ||
| 100 | 1 |
_aNikiforov, Anatolij Sergejevič _4aut |
|
| 245 | 1 | 0 |
_aEmócie v nás _cAnatolij Sergejevič Nikiforov ; Oľga Sadloňová, Ján Krížik |
| 250 | _a1., vyd. | ||
| 260 |
_aBratislava _bSmena _c1981 _eŽilina _fPravda |
||
| 300 |
_a184 s., 12,01 AH _c20 cm |
||
| 490 | 0 | _aKrižovatky | |
| 500 | _aIlustr. na front. | ||
| 700 | 1 |
_aSadloňová, Oľga _4trl |
|
| 700 | 1 |
_aKrížik, Ján _4bkd |
|
| 999 |
_c19814 _d19814 |
||